Central Library OPAC University of Rajshahi

Palladius on husbendrie / (Record no. 27997)

MARC details
000 -LEADER
fixed length control field 00526nam a22002057a 4500
001 - CONTROL NUMBER
control field 27997
003 - CONTROL NUMBER IDENTIFIER
rucl marc code BD-RjUL
005 - DATE AND TIME OF LATEST TRANSACTION
control field 20211209051227.0
008 - FIXED-LENGTH DATA ELEMENTS--GENERAL INFORMATION
fixed length control field 140329b1896 unk||||| |||| 00| 0 eng d
035 ## - SYSTEM CONTROL NUMBER
System control number (BD-RjUL)27078
040 ## - CATALOGING SOURCE
Original cataloging agency BD-RjUL
Language of cataloging eng
Transcribing agency BD-RjUL
041 ## - LANGUAGE CODE
Language code of text/sound track or separate title eng
082 ## - DEWEY DECIMAL CLASSIFICATION NUMBER
Classification number 820
Author mark and year LIP 1896
100 ## - MAIN ENTRY--PERSONAL NAME
Personal name Liddell, M. H.
9 (RLIN) 85873
245 ## - TITLE STATEMENT
Title Palladius on husbendrie /
Statement of responsibility, etc. M. H. Liddell
260 ## - PUBLICATION, DISTRIBUTION, ETC. (IMPRINT)
Place of publication, distribution, etc. London :
Name of publisher, distributor, etc. truner & co. ,
Date of publication, distribution, etc. 1896
300 ## - PHYSICAL DESCRIPTION
Pagination 33 p. ;
Size 24 cm.
650 ## - SUBJECT ADDED ENTRY--TOPICAL TERM
Topical term or geographic name as entry element Literature
9 (RLIN) 85874
942 ## - ADDED ENTRY ELEMENTS (KOHA)
Source of classification or shelving scheme Dewey Decimal Classification
Koha item type Books
Holdings
Lost status Source of classification or shelving scheme Damaged status Not for loan Collection code Permanent Location Current Location Shelving location Date acquired Source of acquisition Cost, normal purchase price Total Checkouts Full call number Date last seen Copy number Koha item type
  Dewey Decimal Classification   Added to bundle Non-fiction Central Library, University of Rajshahi Central Library, University of Rajshahi Reading Room 12/11/1956 B. H. Blackwell 0.00   820 LIP 1896 29/03/2014 C-1 Books